Normal view
MARC view
- ANUSREEE, C.K
Entry Personal Name
001 - CONTROL NUMBER
- control field: 5352
003 - CONTROL NUMBER IDENTIFIER
- control field: OSt
005 - DATE AND TIME OF LATEST TRANSACTION
- control field: 20221202120635.0
008 - FIXED-LENGTH DATA ELEMENTS
- fixed length control field: 221202|| aca||aabn | a|a d
040 ## - CATALOGING SOURCE
- Original cataloging agency: OSt
- Transcribing agency: OSt
100 ## - HEADING--PERSONAL NAME
- Personal name: ANUSREEE, C.K
- Personal name: RESHMA, JACOB
- Personal name: SHANA SHERIN, V
- Personal name: ARCHANA DAS, N
670 ## - SOURCE DATA FOUND
- Source citation: Work cat.: (OSt)17606: ANUSREEE, C.K RESHMA, JACOB SHANA SHERIN, V ARCHANA DAS, N, DEVELOPMENT AND EVALUATION OF AN ALTERNATE MEDIA FILTER FOR DRIP IRRIGATION SYSTEM, 2022
